Nonlinear Adaptive Barrier Integral Super Twisting Sliding Mode Control of Hybrid Energy Systems in Ship DC Microgrid: Modelling, Management, and Experimental Validation / (Record no. 612015)

000 -LEADER
fixed length control field 00578nam a22001577a 4500
082 ## - DEWEY DECIMAL CLASSIFICATION NUMBER
Classification number 621.312
Author Mark HAM
100 ## - MAIN ENTRY--PERSONAL NAME
Personal name Hamza Mahmood (329043)
245 ## - TITLE STATEMENT
Title Nonlinear Adaptive Barrier Integral Super Twisting Sliding Mode Control of Hybrid Energy Systems in Ship DC Microgrid: Modelling, Management, and Experimental Validation /
264 ## - PRODUCTION, PUBLICATION, DISTRIBUTION, MANUFACTURE, AND COPYRIGHT NOTICE
Place of production, publication, distribution, manufacture Islamabad :
Name of producer, publisher, distributor, manufacturer USPCAS-E, NUST
Date of production, publication, distribution, manufacture, or copyright notice September, 2024.
300 ## - PHYSICAL DESCRIPTION
Extent xiii, 50 p.
Accompanying material +CD
520 ## - SUMMARY, ETC.
Summary, etc. TH-582
650 ## - SUBJECT ADDED ENTRY--TOPICAL TERM
Topical term or geographic name entry element MS EEP Thesis
650 ## - SUBJECT ADDED ENTRY--TOPICAL TERM
Topical term or geographic name entry element MS Thesis
700 ## - ADDED ENTRY--PERSONAL NAME
Personal name Dr. Hassan Abdullah Khalid
942 ## - ADDED ENTRY ELEMENTS (KOHA)
Source of classification or shelving scheme
Koha item type Thesis
Holdings
Withdrawn status Permanent Location Current Location Date acquired Full call number Barcode Koha item type
  US-Pakistan Center for Advanced Studies in Energy (USPCAS-E) US-Pakistan Center for Advanced Studies in Energy (USPCAS-E) 10/08/2024 621.312 HAM CAS-ETH0000582 Thesis
© 2023 Central Library, National University of Sciences and Technology. All Rights Reserved.